| 000 | 00533nam a2200169 i 4500 | ||
|---|---|---|---|
| 001 | 64886 | ||
| 003 | ES-MaACL | ||
| 005 | 20230906165237.0 | ||
| 007 | t| | ||
| 008 | 040107s1946 sp ||||1| spa d | ||
| 100 | 1 |
_aFortescue Pickard, R. _951854 |
|
| 245 | 1 | 0 |
_aTiempo, número, átomo / _cR. Fortescue Pickard ; traducción del inglés por Carlos Botet. |
| 260 |
_aBarcelona : _bAtalaya, _c[1946] ( _fMariano Galve) |
||
| 300 |
_a154 p. : _bil. ; _c21 cm. |
||
| 700 | 1 |
_aBotet, Carlos. _930767 |
|
| 852 |
_aES-MaACL _jA-483 _bR.22642 |
||
| 999 |
_c64886 _d64886 |
||